|
|
|
|
| LEADER |
00822nam a22001817a 4500 |
| 008 |
180623b xxu||||| |||| 00| 0 eng d |
| 999 |
|
|
|c 23684
|d 23684
|
| 020 |
|
|
|a 9789385269455
|
| 082 |
|
|
|a 791.434
|b SRE
|
| 100 |
|
|
|a ശ്രീകണ്ഠപുരം, ഉണ്ണികൃഷ്ണന്
|
| 240 |
|
|
|a Filmi thamasha
|
| 245 |
|
|
|a ഫില്മി തമാശ /
|c ഉണ്ണികൃഷ്ണന് ശ്രീകണ്ഠപുരം
|
| 250 |
|
|
|a 1st ed.
|
| 260 |
|
|
|a കോഴിക്കോട് :
|b ഹാര്മണി ബുക്സ്,
|c 2015.
|
| 300 |
|
|
|a 193p.
|
| 700 |
|
|
|a Sreekandapuram, Unnikrishnan
|
| 942 |
|
|
|2 ddc
|c BK
|
| 952 |
|
|
|0 0
|1 0
|2 ddc
|4 0
|6 791_434000000000000_SRE
|7 0
|9 32514
|a MAIN
|b MAIN
|d 2018-06-23
|e Lipi Publications
|g 165.00
|l 3
|o 791.434 SRE
|p 30846
|r 2020-10-12
|s 2020-03-11
|t 1
|w 2018-06-23
|y BK
|